000 00777 a2200217 4500
999 _c3829
_d3829
020 _a9780749416744
050 0 0 _aLB1737.A3 SHA 1992
100 1 _aShaw, Rowie.
245 1 0 _aTeacher training in secondary schools /
_cRowie Shaw.
250 _a2nd ed.
264 _aLondon:
_bKogan Page,
_cc195
300 _a162 p. :
_bill.
500 _aincludes index
504 _aIncludes bibliographical references (p. 152-160) and index.
650 0 _aHigh school teachers
_xTraining of
650 0 _aStudent teaching
650 0 _aTeachers
_xIn-service training
856 4 2 _3Publisher description
_uhttp://www.loc.gov/catdir/enhancements/fy0916/95223992-d.html
942 _2lcc
_cBK
_h1737.A3
_iSHA
_kLB